000 01008nam a2200241Ia 4500
003 GCL
008 140319s9999 xx 000 0 ara d
040 _aGCL /
_cGCL
082 0 4 _a212
_bا ك
100 1 _aابن ابى الدنيا : ابوبكر عبدالله بن محمد بن عبيدالله سفيان بن قيس القرشى الامدى
245 1 0 _aكتاب مكارم الاخلاق /
_cابن ابى الدنيا : ابوبكر عبدالله بن محمد بن عبيدالله سفيان بن قيس القرشى الامدى
700 1 _aبلمى، أ. جيمز
260 _aبيروت :
_bفرانز شتاينر بفيسبادن ،
_c1973
300 _aمتعدد ؛
_c26 سم
490 _aالنشرات الاسلامية
_v25
650 0 4 _aالاسلام
650 0 4 _aالاخلاق الاسلامية
650 0 4 _aالادب الاسلامى
650 0 4 _aالاخلاق فى القران
650 0 4 _aالامانة
650 0 4 _aالصديق
942 _2ddc
_cBK
999 _c30588
_d30588